000 01648cam a2200181 4500500
005 20251228095138.0
041 _afre
042 _adc
100 1 0 _aMotoret, Laurence
_eauthor
245 0 0 _aKate Colquhoun, L’a-t-elle empoisonné ? Une histoire de trahison, d’adultère et d’arsenic sous Victoria, traduit de l’anglais par Christine Laferrière, Paris, Christian Bourgois éditeur, 2014, 526 pages dont 94 pages d’annexes
260 _c2022.
500 _a34
520 _aCet article réinterroge la démarche tourmentée d’Antonin Artaud qui établit une relation entre ce qu’il considère comme deux expériences extrêmes : la peste et l’état de l’acteur sur la scène qui se transforme et est susceptible par son acte de contaminer « comme la peste » les spectateurs.
520 _aThis article questions the tormented approach developed by Antonin Artaud, who saw a connection between what he considered as being two extreme forms of experience : the plague and the state of the actor on stage. The latter, undergoing a transformation on stage, is liable to infect the audience “just like the plague”.
520 _aEste artigo volta a questionar o inquietante pensamento de Antonin Artaud quando estabelece uma relação entre duas experiências que considera extremas : a peste e a condição do ator no palco sobre o qual ele se transforma e consegue, através dos seus gestos, contaminar, “como a peste”, os espetadores.
786 0 _nSigila | 49 | 1 | 2022-07-04 | p. 191a-193a | 1286-1715
856 4 1 _uhttps://shs.cairn.info/revue-sigila-2022-1-page-191a?lang=fr&redirect-ssocas=7080
999 _c1605671
_d1605671